Science Fiction Themes Quiz Stats

 Plays Quiz not verified by Sporcle

Challenge
Share
Tweet
Score 0/24 Timer 10:00
0 Plays Today
Time Answer % Correct
0:00-0:12Star Wars
96.3%
0:27-0:41Futurama
77.1%
1:10-1:21Firefly
56%
5:20-5:40Doctor Who
54.1%
2:51-3:03Stargate SG-1
39.4%
0:13-0:27Back to the Future
37.6%
0:41-0:55The Terminator
33.9%
3:46-3:58E.T.: The Extra-Terrestrial
31.2%
3:04-3:17Lost in Space
28.4%
1:22-1:36Star Trek
26.6%
1:37-1:51Quantum Leap
25.7%
2:36-2:50Blake's 7
24.8%
Time Answer % Correct
4:12-4:24Alien
22.9%
2:07-2:20Farscape
19.3%
3:18-3:30Battlestar Galactica
18.3%
0:56-1:09Babylon 5
14.7%
3:31-3:45Ghost in the Shell: Stand Alone Complex
14.7%
1:52-2:06Cowboy Bebop
12.8%
2:20-2:35Invader Zim
11.9%
4:52-5:04Sapphire and Steel
9.2%
4:38-4:51Mystery Science Theater 3000
6.4%
4:25-4:38Millennium
6.4%
3:59-4:12The Outer Limits
6.4%
5:05-5:19Crest of the Stars
2.8%

You're not logged in!

Compare scores with friends on all Sporcle quizzes.
Join for Free
OR
Log In

You Might Also Like...

Show Comments

Extras

Top Quizzes Today


Score Distribution

Your Account Isn't Verified!

In order to create a playlist on Sporcle, you need to verify the email address you used during registration. Go to your Sporcle Settings to finish the process.

Report this User

Report this user for behavior that violates our Community Guidelines.

Details: